Object recognition: Fundamentals and case studies with 133 illustrations

Đã lưu trong:
Bibliografiske detaljer
Hovedforfatter: M. Bennamoun
Format: Bog
Sprog:Undetermined
Udgivet: London, Eng Springer 2002
Fag:
Tags: Tilføj Tag
Ingen Tags, Vær først til at tagge denne postø!
Thư viện lưu trữ: Trung tâm Học liệu Trường Đại học Cần Thơ
LEADER 00568nam a2200193Ia 4500
001 CTU_58781
008 210402s9999 xx 000 0 und d
020 |b 106 
082 |a 621.367 
082 |b B469 
100 |a M. Bennamoun 
245 0 |a Object recognition: Fundamentals and case studies with 133 illustrations 
245 0 |c M. Bennamoun and G. J. Mamic 
260 |a London, Eng 
260 |b Springer 
260 |c 2002 
650 |a image processing,pattern recognition systems 
904 |i Minh 
980 |a Trung tâm Học liệu Trường Đại học Cần Thơ